<?xml version="1.0" encoding="UTF-8"?><?xml-stylesheet type="text/xsl" href="static/style.xsl"?><OAI-PMH xmlns="http://www.openarchives.org/OAI/2.0/" xmlns:xsi="http://www.w3.org/2001/XMLSchema-instance" xsi:schemaLocation="http://www.openarchives.org/OAI/2.0/ http://www.openarchives.org/OAI/2.0/OAI-PMH.xsd"><responseDate>2026-04-28T19:18:03Z</responseDate><request verb="GetRecord" identifier="oai:uvadoc.uva.es:10324/32253" metadataPrefix="marc">https://uvadoc.uva.es/oai/request</request><GetRecord><record><header><identifier>oai:uvadoc.uva.es:10324/32253</identifier><datestamp>2021-06-29T22:43:59Z</datestamp><setSpec>com_10324_38</setSpec><setSpec>col_10324_852</setSpec></header><metadata><record xmlns="http://www.loc.gov/MARC21/slim" xmlns:doc="http://www.lyncode.com/xoai" xmlns:xsi="http://www.w3.org/2001/XMLSchema-instance" xmlns:dcterms="http://purl.org/dc/terms/" xsi:schemaLocation="http://www.loc.gov/MARC21/slim http://www.loc.gov/standards/marcxml/schema/MARC21slim.xsd">
<leader>00925njm 22002777a 4500</leader>
<datafield tag="042" ind1=" " ind2=" ">
<subfield code="a">dc</subfield>
</datafield>
<datafield tag="720" ind1=" " ind2=" ">
<subfield code="a">Ledo Calles, Patricia</subfield>
<subfield code="e">author</subfield>
</datafield>
<datafield tag="260" ind1=" " ind2=" ">
<subfield code="c">2018</subfield>
</datafield>
<datafield tag="520" ind1=" " ind2=" ">
<subfield code="a">Este trabajo de Fin de Grado es una aproximación al concepto paisaje, sus elementos y su tipología. &#xd;
A través de él vamos a conocer la importancia del paisaje en la etapa de segundo de Educación Infantil, abordando el conocimiento del espacio que poseen los niños en estas edades, las distintas definiciones de paisaje, los tipos de paisajes que existen y sus elementos. Vamos a conocer también cómo se trabaja el paisaje en la enseñanza de las Ciencias Sociales y su vinculación con la Educación Ambiental. &#xd;
Con este trabajo vamos a ver la importancia de trabajar el paisaje en estas edades ya que ayuda al desarrollo cognitivo y social del niño, y a mejorar su conocimiento del entorno, lo cual permite crear en los niños hábitos y actitudes de cuidado y respeto al medio ambiente. &#xd;
También se llevará a cabo una propuesta didáctica en la que se trabajará el paisaje a través de unas actividades lúdicas y motivadoras, adaptadas a los niños de 3º de Infantil para que adquieran unos conocimientos sobre el entorno y se trabaje de forma transversal la Educación Ambiental.</subfield>
</datafield>
<datafield tag="024" ind2=" " ind1="8">
<subfield code="a">http://uvadoc.uva.es/handle/10324/32253</subfield>
</datafield>
<datafield tag="245" ind1="0" ind2="0">
<subfield code="a">El paisaje y su enseñanza en Educación Infantil</subfield>
</datafield>
</record></metadata></record></GetRecord></OAI-PMH>